|
|
|
|
| LEADER |
01743nem a2200373 a 4500 |
| 001 |
000796891 |
| 003 |
CZ BrMZK |
| 005 |
20140715133855.0 |
| 007 |
aj ca||| |
| 008 |
051110s1965 xr |||||||a |r|0|||slo d |
| 034 |
1 |
|
|a a
|b 1000000
|d E0120300
|e E0223700
|f N0510400
|g N0474200
|
| 040 |
|
|
|a BOA001
|b cze
|
| 043 |
|
|
|a e-cs---
|
| 072 |
|
7 |
|a 913(437)
|x Geografie Česka a Slovenska, reálie, cestování
|2 Konspekt
|9 7
|
| 072 |
|
7 |
|a 912
|x Mapy. Atlasy. Glóby
|2 Konspekt
|9 7
|
| 080 |
|
|
|a (437)
|2 MRF
|
| 080 |
|
|
|a (084.3)656.1
|2 MRF
|
| 245 |
0 |
1 |
|a [Československo
|h [kartografický dokument] :
|b mapa pro motoristy]
|
| 246 |
3 |
4 |
|a Automapa ČSSR. Hlavné cestné spoje strednej a juhovýchodnej Európy
|
| 255 |
|
|
|a Měřítko 1:4 500 000
|c (12°03´00" v.d.--22°37´00" v.d./51°04´00" s.š.--47°42´00" s.š.)
|
| 260 |
|
|
|a [Praha] :
|b Ústřední správa geodézie a kartografie,
|c 1965
|
| 300 |
|
|
|a 1 mapa :
|b barev. ;
|c 38 x 80 cm
|
| 500 |
|
|
|a Doplňkové plány průjezdů Prahou, Brnem a Bratislavou
|
| 500 |
|
|
|a Na rubu mapa hlavních dopravních tras ve střední a jihovýchodní Evropě, 8 doplňkových průjezdných plánů hlavních měst střední a východní Evropy
|
| 500 |
|
|
|a Obálkový název pochází z nedochovaného plastového obalu
|5 CZ-BrMZK
|
| 500 |
|
|
|a Název vytvořen katalogizátorem
|
| 505 |
2 |
0 |
|t Stredná a juhovýchodná Európa.
|g Hlavné cestné spoje
|
| 655 |
|
7 |
|a automapy
|7 fd131856
|2 czenas
|
| 651 |
|
7 |
|a Československo
|7 ge131689
|2 czenas
|
| 710 |
2 |
|
|a Ústřední správa geodézie a kartografie
|7 kn20050506060
|4 pbl
|
| 910 |
|
|
|a BOA001
|b Skř.9A-0550.346
|
| 990 |
|
|
|a MP
|
| 991 |
|
|
|b 201405
|
| 996 |
6 |
|
|b 2619016156
|c Skř.9A-0550.346
|l MZK
|r Sklad / do 24 hodin
|n 0
|w 000796891
|u 000020
|a 1
|e BOA001
|j MZK50
|s P
|